| 000 -NÁVESTIE |
| fixed length control field |
00857nam a2200289 a 4500 |
| 001 - EVIDENČNÉ ČÍSLO ZÁZNAMU - Kontrolné číslo |
| control field |
vtls010468986 |
| 005 - DÁTUM A ČAS POSLEDNEJ TRANSAKCIE |
| control field |
20220823091549.0 |
| 008 - ÚDAJE S PEVNOU DĹŽKOU – VŠEOBECNÉ INFORMÁCIE |
| fixed length control field |
150707s2012 xr habc e 001 0 slo |
| 020 ## - MEDZINÁRODNÉ ŠTANDARDNÉ ČÍSLO KNIHY (ISBN) |
| Medzinárodné štandardné číslo knihy (ISBN) |
9788073608347 (viaz.) |
| 040 ## - ZDROJ KATALOGIZÁCIE |
| Pôvodná katalogizujúca agentúra |
SNK |
| Jazyk katalogizácie |
slo |
| Prepisujúca agentúra |
SNK |
| Konvencie popisu |
AACR2 |
| 041 0# - KÓD JAZYKA |
| Kód jazyka textu/zvukovej stopy alebo samostatných nápisov |
slo |
| 044 ## - KÓD KRAJINY VYDAVATEĽA/PRODUCENTA |
| Kód krajiny MARC |
xr |
| Kód krajiny ISO |
CZ |
| 072 #7 - KÓD PREDMETOVEJ KATEGÓRIE |
| Kód predmetovej kategórie |
94(437) |
| Pododdiel kódu predmetovej kategórie |
Dejiny Česka a Slovenska |
| Zdroj |
konspekt |
| 080 ## - ČÍSLO MEDZINÁRODNÉHO DESATINNÉHO TRIEDENIA (MDT) |
| Číslo Medzinárodného desatinného triedenia (MDT) |
94(437.6) |
| Identifikátor vydania |
2008 |
| 080 ## - ČÍSLO MEDZINÁRODNÉHO DESATINNÉHO TRIEDENIA (MDT) |
| Číslo Medzinárodného desatinného triedenia (MDT) |
(031) |
| Identifikátor vydania |
2008 |
| 245 00 - NÁZOV |
| Názov |
Ottov historický atlas |
| Zvyšok názvu |
Slovensko |
| Údaj o zodpovednosti atď. |
zostavil Pavol Kršák |
| 246 30 - INÁ FORMA NÁZVU |
| Hlavný názov/skrátený názov |
Slovensko |
| 250 ## - ÚDAJ O PORADÍ VYDANIA |
| Údaj o poradí vydania |
aktualizované vyd. |
| 260 ## - VYDAVATEĽSKÉ ÚDAJE, DISTRIBÚCIA ATĎ. |
| Miesto publikovania, distribúcie atď. |
Praha |
| Názov vydavateľa, distibútora atď. |
Ottovo nakladatelství |
| Dátum publikovania, distribúcie atď. |
2012 |
| 300 ## - FYZICKÝ POPIS |
| Rozsah |
560 s. |
| Ďalšie fyzické detaily |
ilustr., portréty, mapy, faksim. |
| Rozmery |
31 cm |
| 651 #7 - PRIDANÝ VSTUP – PREDMET – GEOGRAFICKÝ NÁZOV |
| Geografický názov |
Slovensko |
| Všeobecný pododdiel |
dejiny |
| Zdroj hesla alebo termínu |
snkph |
| -- |
1981 |
| 655 #7 - INDEXAČNÝ TERMÍN – ŽÁNER/FORMA |
| Údaje o žánri/forme alebo termín, ktorý je prvok fazety |
encyklopédie |
| Zdroj termínu |
snkph |
| -- |
1494 |
| 700 1# - PRIDANÝ VSTUP – OSOBNÉ MENO |
| Osobné meno |
Kršák, Pavol, |
| Dátumy súvisiace s menom |
1932-1993 |
| Kód roly |
edt |
| -- |
3282 |
| 958 ## - Formálny deskriptor |
| Formálny deskriptor |
ZS |
| 958 ## - Formálny deskriptor |
| Formálny deskriptor |
CZ |
| 958 ## - Formálny deskriptor |
| Formálny deskriptor |
NB |